The planner's progress (Record no. 77023)

MARC details
000 -LEADER
fixed length control field 00827cab a2200181 4500
001 - CONTROL NUMBER
control field ##L133469
008 - FIXED-LENGTH DATA ELEMENTS--GENERAL INFORMATION
fixed length control field 060511n2006 000 0 eng u
035 ## - SYSTEM CONTROL NUMBER
System control number (Sirsi) u133469
041 0# - LANGUAGE CODE
Language code of text/sound track or separate title eng
100 1# - MAIN ENTRY--PERSONAL NAME
Personal name Ciorra, Tony
245 04 - TITLE STATEMENT
Title The planner's progress
260 ## - PUBLICATION, DISTRIBUTION, ETC.
Date of publication, distribution, etc. 2006
490 #0 - SERIES STATEMENT
Series statement Project
Volume/sequential designation 18(10) May 2006, 12-13(2)
520 ## - SUMMARY, ETC.
Summary, etc. Argues that dedicated project planners have been largely replaced by computer software programmes, which often only provide critical path analysis and Gantt chart production. For a number of reasons, there is an urgent need for a move back to dedicated planners with specialist project management skills, especially the abilities to consult, communicate, co-ordinate and control.
590 ## - LOCAL NOTE (RLIN)
Local note IKA230506
690 ## - LOCAL SUBJECT ADDED ENTRY--TOPICAL TERM (OCLC, RLIN)
Topical term or geographic name as entry element MANAGEMENT-PROJECT MANAGEMENT-PROGRAMME PLANNING
942 ## - ADDED ENTRY ELEMENTS (KOHA)
Suppress in OPAC 0
Holdings
Withdrawn status Lost status Source of classification or shelving scheme Damaged status Not for loan Home library Current library Shelving location Date acquired Total Checkouts Full call number Barcode Date last seen Copy number Price effective from Koha item type
    Dewey Decimal Classification     London London Journal article 11/05/2006   L133469 133469-1001 06/08/2019 1 06/08/2019 Journal article